000 01186nam a2200277 i 4500
001 101683
003 ES-MaACL
005 20251106113544.0
007 t|
008 051021s1930 sp f |||| | spa d
080 _a904(460.253 Almendralejo):7.032(37)
080 _a929Teodosio (37) I (0:73)
080 _a930Delgado, Antonio
100 1 _aMélida y Alinari, José Ramón,
_d1856-1933
_979969
245 1 3 _aEl disco de Teodosio
_b: resumen de la "Memoria" en que lo dio a conocer D. Antonio Delgado, en 1849, y de los trabajos de sus comentaristas /
_cpor José Ramón Mélida y Alinari.
260 _aMadrid :
_bRevista de Archivos,
_c1930.
300 _a44 p., lám. ;
_c34 cm.
530 _aDisponible en formato digital.
600 0 4 _aTeodosio
_bI
_cEmperador de Roma-
_xRetratos.
_9150892
600 1 7 _aDelgado, Antonio,
_d1805-1879
_9150893
651 4 _aBadajoz (Provincia)-
_xRestos arqueológicos romanos.
_9169959
852 _aES-MaACL
_jB-6517
_cSPB
856 4 _uhttp://bibliotecadigitalhispanica.bne.es:80/webclient/DeliveryManager?pid=3275508&custom_att_2=simple_viewer
_y(Biblioteca Digital Hispánica)
942 _2udc
999 _c101683
_d101683